Famous Roberts - Statistics

General Stats
  • This quiz has been taken 61 times
  • The average score is 14 of 25
Answer Stats
Hint Answer % Correct
American actor who starred in Taxi Driver, The Godfather Part II and Raging Bull Robert De Niro
96%
Jamaican reggae musician whose backing singers were The Wailers Bob Marley
85%
American physicist known as the 'Father of the Atomic Bomb' J. Robert Oppenheimer
77%
Starred as Tony Stark in the Iron Man movies Robert Downey Jr.
75%
Lead singer of Led Zeppelin Robert Plant
72%
Folk singer who was awarded the Nobel Prize for Literature in 2016 Bob Dylan
70%
English actor best known for playing Edward Cullen in the Twilight movies Robert Pattinson
68%
Author of Treasure Island and The Strange Case of Dr Jekyll and Mr Hyde Robert Louis Stevenson
66%
American film star who won the Academy Award for Best Actor for his role in The Sting Robert Redford
66%
Commander of the Confederate Army during the American Civil War Robert E. Lee
64%
Autocratic leader of Zimbabwe from 1980 to 2017 Robert Mugabe
64%
American chess grandmaster who defeated Boris Spassky to become the 11th Chess World Champion Bobby Fischer
60%
British singer who found fame as a member of pop group Take That Robbie Williams
58%
King of Scotland whose armies defeated the English at the Battle of Bannockburn Robert the Bruce
57%
Republican Presidential nominee during the 1996 US election Bob Dole
53%
New England poet known for his works "Stopping By Woods on a Snowy Evening" and "The Road Not Taken" Robert Frost
51%
American Senator who served as Attorney-General between 1961 and 1964 Robert F. Kennedy
49%
Scotland's national poet Robert Burns
47%
Apocalypse Now actor who loved the smell of napalm in the morning Robert Duvall
43%
Irish singer who organised the Live Aid concerts Bob Geldof
42%
Actor who starred as shady lawyer Saul Goodman in Breaking Bad Bob Odenkirk
38%
Anglo-American comedian whose signature tune was "Thanks For the Memory" Bob Hope
32%
Captain of the England football team during their 1966 World Cup victory Bobby Moore
30%
Actor who starred as Freddy Krueger in The Nightmare on Elm Street franchise Robert Englund
30%
Scottish actor who starred as Francis Begbie in Trainspotting Robert Carlyle
25%
No matching quizzes found
Score Distribution
Percent of People with Each Score
Percentile by Number Answered
Your Score History
You have not taken this quiz